The traditional architecture of Indonesia

Bibliographic Details
Main Author: DAWSON
Other Authors: Gillow
Format: Book
Published: New York : Thames and Hudson , 1994
Subjects:

MARC

LEADER 00000cam a2200000 7i4500
001 0000000737
005 20000927.0
020 0 0 |a 050034132X 
090 0 0 |a R720.9598   |b DAW 1994 
100 1 0 |a DAWSON   |h Barry 
245 1 4 |a The traditional architecture of Indonesia   |c Barry Dawson, John Gillow 
260 0 0 |a New York :   |b Thames and Hudson ,   |c 1994 
300 |a 192 p. :   |b ill.(some col.) ;   |c 26 cm. 
500 0 0 |a Bibliography: [p.188-189] and index 
650 0 0 |a Architecture   |z Indonesia 
650 0 0 |a Vernacular architecture   |z Indonesia 
700 0 1 |a Gillow   |h John 
999 |a 0000000661   |b Monograph   |c Reference   |e Default branch